LEADER 01009nam a2200241 i 4500 001 000000178906 003 CaOOAMICUS 005 20090417000000.0 008 090417s1973 it u000 u ita u 013 $a156481 040 $aSeMil$bita 100 1 $aDembowscki, Hermann.$0(OLS)http://semarc/name/21884 245 10$aProblemi fondamentali di cristologia :$bil problema della signoria di Gesł Cristo /$cHermann Dembowscki. 260 $aBologna :$bEDB,$c1973. 300 $a518 p. ;$c22 cm. 490 0 $aEpifania della Parola ;$v7 650 4$aCristologia.$0(OLS)http://semarc/subject/173 830 0$aEpifania della Parola ;$v7.$0(OLS)http://semarc/title/18907 850 $aSeMil 852 $aSeMil$W1$xVenegono$y1$m2B II 122$j129675$B129675$CSeMilBibl$Z2$F141282 $81 961 $aRecupero: Altro 996 $6245$aProblemi fondamentali di cristologia :$bil problema della signoria di Gesł Cristo$9(OLS)http://semarc/title/256964 996 $6260$aBologna :$bEDB$9(OLS)http://semarc/publisher/29669